Statistics for Cheap Trick Songs on the Billboard Hot 100 Chart

Click here to take the quiz!

General Stats

  • This quiz has been taken 36 times
  • The average score is 6 of 16

Answer Stats

Peak Chart Position, Year Answer % Correct
7, 1979I Want You to Want Me
87%
62, 1978Surrender
87%
1, 1988The Flame
78%
26, 1979Dream Police
74%
4, 1988Don't Be Cruel
65%
32, 1980Voices
39%
45, 1982If You Want My Love
39%
65, 1982She's Tight
39%
35, 1979Ain't That a Shame
26%
12, 1990Can't Stop Falling Into Love
22%
33, 1988Ghost Town
22%
44, 1985Tonight It's You
22%
48, 1980Stop This Game
17%
50, 1990Wherever Would I Be
13%
75, 1989Never Had a Lot to Lose
13%
44, 1980Everything Works If You Let It
0%

Score Distribution

Percentile by Number Answered

Percent of People with Each Score

Your Score History

You have not taken this quiz